<?xml version="1.0" encoding="UTF-8"?><?xml-stylesheet type="text/xsl" href="static/style.xsl"?><OAI-PMH xmlns="http://www.openarchives.org/OAI/2.0/" xmlns:xsi="http://www.w3.org/2001/XMLSchema-instance" xsi:schemaLocation="http://www.openarchives.org/OAI/2.0/ http://www.openarchives.org/OAI/2.0/OAI-PMH.xsd"><responseDate>2026-06-30T05:25:48Z</responseDate><request verb="GetRecord" identifier="oai:riubu.ubu.es:10259/11859" metadataPrefix="marc">https://riubu.ubu.es/oai/request</request><GetRecord><record><header><identifier>oai:riubu.ubu.es:10259/11859</identifier><datestamp>2026-06-19T00:05:36Z</datestamp><setSpec>com_10259_7354</setSpec><setSpec>com_10259_7353</setSpec><setSpec>com_10259_2604</setSpec><setSpec>col_10259_7383</setSpec></header><metadata><record xmlns="http://www.loc.gov/MARC21/slim" xmlns:doc="http://www.lyncode.com/xoai" xmlns:xsi="http://www.w3.org/2001/XMLSchema-instance" xmlns:dcterms="http://purl.org/dc/terms/" xsi:schemaLocation="http://www.loc.gov/MARC21/slim http://www.loc.gov/standards/marcxml/schema/MARC21slim.xsd">
<leader>00925njm 22002777a 4500</leader>
<datafield tag="042" ind1=" " ind2=" ">
<subfield code="a">dc</subfield>
</datafield>
<datafield tag="720" ind1=" " ind2=" ">
<subfield code="a">Vicario Pérez, Ana María</subfield>
<subfield code="e">author</subfield>
</datafield>
<datafield tag="720" ind1=" " ind2=" ">
<subfield code="a">Jimeno Bulnes, Mar</subfield>
<subfield code="e">author</subfield>
</datafield>
<datafield tag="720" ind1=" " ind2=" ">
<subfield code="a">Carrasco Pérez, Celia</subfield>
<subfield code="e">author</subfield>
</datafield>
<datafield tag="260" ind1=" " ind2=" ">
<subfield code="c">2026-06</subfield>
</datafield>
<datafield tag="520" ind1=" " ind2=" ">
<subfield code="a">El presente diccionario es una obra didáctica diseñada para acercar el lenguaje legal al alumnado de Educación Secundaria Obligatoria de forma clara, comprensible y accesible. Nacido del proyecto de Aprendizaje-Servicio “Dilo con Derecho” en el ámbito de los dobles grados universitarios en Derecho, este libro busca resolver la confusión que generan los términos legales mal explicados en los medios de comunicación y redes sociales. Su propósito principal es promover una cultura jurídica básica entre los jóvenes desde edades tempranas, proporcionándoles una herramienta útil para comprender mejor la realidad social y legal que los rodea en su convivencia cotidiana.&#xd;
La estructura de la obra cuenta con un formato práctico que organiza sus entradas de manera alfabética. Cada concepto incluye una definición adaptada al público adolescente que mantiene un equilibrio perfecto entre la sencillez y el rigor legal, evitando tecnicismos innecesarios o explicaciones excesivamente complejas. A través de este glosario, el alumnado puede familiarizarse con el funcionamiento de la justicia, los derechos fundamentales, los procesos judiciales y las figuras esenciales del Derecho civil y penal que marcan la actualidad informativa.</subfield>
</datafield>
<datafield tag="024" ind2=" " ind1="8">
<subfield code="a">979-13-87585-42-6</subfield>
</datafield>
<datafield tag="024" ind2=" " ind1="8">
<subfield code="a">https://hdl.handle.net/10259/11859</subfield>
</datafield>
<datafield tag="024" ind2=" " ind1="8">
<subfield code="a">10.36443/9791387585426</subfield>
</datafield>
<datafield ind1=" " ind2=" " tag="653">
<subfield code="a">Derecho</subfield>
</datafield>
<datafield ind1=" " ind2=" " tag="653">
<subfield code="a">Diccionario</subfield>
</datafield>
<datafield ind1=" " ind2=" " tag="653">
<subfield code="a">Conceptos</subfield>
</datafield>
<datafield ind1=" " ind2=" " tag="653">
<subfield code="a">Educación secundaria</subfield>
</datafield>
<datafield ind1=" " ind2=" " tag="653">
<subfield code="a">Derecho procesal</subfield>
</datafield>
<datafield tag="245" ind1="0" ind2="0">
<subfield code="a">Dilo con Derecho: comprendiendo el lenguaje jurídico. Diccionario de conceptos jurídicos</subfield>
</datafield>
</record></metadata></record></GetRecord></OAI-PMH>